000 01134nam a2200289Ia 4500
003 OSt
005 20220930190105.0
006 a|||||r|||| 00| 0
007 ta
008 220926b |||||||| |||| 00| 0 mal d
020 _c30
024 _a92810
037 _b538, 19/03/2009, Vani Prakashan
_cTextbook
040 _aCRL
_cCRL
_bmal
041 _2mal
_amal
082 _aO32,1M77w, 152M0
100 _aअषि़कोड़, सुकुमार
245 0 _aमहाकवि उल्लूर
246 _aTukārāma
260 _aनई दिल्ली,
_bसाहित्य अकादेमी, भारत
_c1980
300 _a88पृ0
_ccm.
490 _aभारतीय साहित्य के निर्माता
650 _aमलयालम साहित्य
700 _a पहारे, हेमचन्द्र, अनु.
942 _hO32,1M77w, 152M0
_cTB
_2CC
999 _c891613
_d891613